[Event "DEM U12/U12w 2006"]
[Site "Willingen GER"]
[Date "2006.06.07"]
[Round "6"]
[White "Thanabalasingam, Ajandhan"]
[Black "Stoevesand, Eric"]
[Result "1-0"]
[Termination "normal"]
[Board "35"]
[WhiteElo "1488"]
[BlackElo "1244"]
[PlyCount "63"]
[WhiteFideId "24601659"]
[BlackFideId "24651117"]
[EventCountry "GER"]
[EventRounds "11"]
[EventType "swiss"]
[EventDate "2006.06.03"]

1. e4 e5 2. Nf3 Nc6 3. Bb5 a6 4. Ba4 b5 5. Bb3 Nf6 6. O-O Bc5 7. d3 d6 8. h3 h6
9. Re1 O-O 10. c3 Be6 11. Bc2 Bb6 12. d4 Re8 13. d5 Bxh3 14. dxc6 Bg4 15. Qe2
d5 16. Nbd2 d4 17. a4 Qd6 18. axb5 axb5 19. Rxa8 Rxa8 20. Qxb5 Rb8 21. Qxe5
Qxc6 22. Nxd4 Bxd4 23. Qxd4 Qe6 24. Bd1 Nh5 25. Bxg4 Qxg4 26. Nf3 Rxb2 27. Nh2
Qg6 28. Bxb2 Nf4 29. g3 Nh3+ 30. Kh1 Qh5 31. c4 Ng5 32. Qxg7# 1-0